000 00529cam a2200181 i 4500
001 20362567
005 20241104223618.0
008 180220s2017 gh 001 0 eng
020 _a9789988264673
050 0 0 _aKRX3800
_b.A35 2017
100 1 _aAdjei, Dennis Dominic,
_eauthor.
245 1 0 _aContemporary criminal law in Ghana /
_cDennis Dominic Adjei.
260 _aAccra, Ghana
_bG-Pak Limited
_c2017
300 _axxx, 620 pages ;
_c26 cm
500 _aIncludes index.
650 0 _aCriminal law
_zGhana.
942 _2lcc
_cBK
_n0
999 _c614
_d614